Missing Word: Mamma Mia! Cast Quiz Stats

 Plays Quiz Updated Jan 3, 2016

Challenge
Share
Tweet
Embed
Score 0/24 Timer 02:00
1 Play Today
Hint Answer % Correct
Meryl Streep
Donna Sheridan
Devil
95.2%
Christine Baranski
Tanya
Grinch
93.4%
Amanda Seyfried
Sophie
Misérables
92.1%
Colin Firth
Harry Bright
Bridget
91.4%
Pierce Brosnan
Sam Carmichael
Love
87.1%
Colin Firth
Harry Bright
Speech
84.4%
Amanda Seyfried
Sophie
Die
81.7%
Amanda Seyfried
Sophie
Mean
79.9%
Meryl Streep
Donna Sheridan
Sophie
79.2%
Dominic Cooper
Sky
Need
78.7%
Meryl Streep
Donna Sheridan
Iron
73.2%
Colin Firth
Harry Bright
Actually
71.6%
Hint Answer % Correct
Colin Firth
Harry Bright
Spy
68.5%
Christine Baranski
Tanya
Odd
68.2%
Amanda Seyfried
Sophie
John
68%
Pierce Brosnan
Sam Carmichael
Golden
65.8%
Christine Baranski
Tanya
Cruel
62.9%
Dominic Cooper
Sky
Vampire
61.5%
Meryl Streep
Donna Sheridan
Woods
57.3%
Christine Baranski
Tanya
Weeks
54.7%
Pierce Brosnan
Sam Carmichael
Lightning
54.6%
Dominic Cooper
Sky
Doubt
49.8%
Dominic Cooper
Sky
Avenger
47.3%
Pierce Brosnan
Sam Carmichael
Man
25.3%

Today's Daily Dose

Missing Word
Entertainment 'L'

Word Ladder
Fingers

Quick Pick
When in Rome

On This Day
December 15th II

You're not logged in!

Compare scores with friends on all Sporcle quizzes.
OR
Log In

You Might Also Like...

Show Comments

Extras

Top Quizzes Today


Score Distribution

Your Account Isn't Verified!

In order to create a playlist on Sporcle, you need to verify the email address you used during registration. Go to your Sporcle Settings to finish the process.

Report this User

Report this user for behavior that violates our Community Guidelines.

Details: